Statistical Methods

Enregistré dans:
Détails bibliographiques
Auteur principal: Arkin, Herbert
Autres auteurs: Colton, Raymond R.
Format: Livre
Langue:anglais
Publié: New York Barnes and Noble 1967
Édition:1. ed.
Tags: Ajouter un tag
Pas de tags, Soyez le premier à ajouter un tag!

MARC

LEADER 00000nam a2200000 4500
001 c034353
005 20250716114658.5
041 0 |a eng 
044 |a US 
245 1 0 |a Statistical Methods  |c Herbert Arkin, Raymond R. Colton 
250 |a 1. ed. 
264 1 |a New York  |b Barnes and Noble  |c 1967 
300 |a 47 s. 
100 1 |a Arkin, Herbert 
700 1 |a Colton, Raymond R.